A-Z: Words containing "rap" - Statistics

General Stats
  • This quiz has been taken 9 times
  • The average score is 19 of 26
Answer Stats
Initial letter Clue Word % Correct
C Rude-sounding dice game Craps
100%
D A curtain; or to place fabric gently over something Drape
100%
G Fruit which grows on vines Grape
100%
R Vocalist who speaks in rhythm, rather than singing Rapper
100%
S Junk material, or a bit (of paper), or a fight Scrap
100%
V Fast-sounding dinosaur Velociraptor
100%
W To put an outer layer, usually decorative paper, around a gift or other item Wrap
100%
E To assume, as a logical extension of trends or data that are known Extrapolate
88%
F Cold coffee, juice or milkshake Frappé
88%
H The use of hypnosis to aid someone with psychological issues Hypnotherapy
88%
J Protective undergarment worn around the waist in sports Jockstrap
88%
T A device for catching animals, or a situation set up for a surprise attack Trap
88%
A Person who uses smells of oils to help improve their clients' emotional wellbeing Aromatherapist
75%
P To quote someone, but not using their exact wording Paraphrase
75%
Q One valid spelling of the word for a 4-speaker sound system Quadraphonics
75%
B A loop at the back of a boot, used to pull it on; also a computer loading term Bootstrap
63%
I The visual images or symbols used in a work of art, or the study of these Iconography
63%
L A person who compiles dictionaries Lexicographer
63%
M The process of taking close-up pictures using a special camera lens Macrophotography
63%
Z The study of the distribution of animal species across the world Zoogeography
63%
X The art of making engravings on wood Xylography
50%
U Pertaining to a performance which is ad hoc, or not drilled or practised Unchoreographed
38%
Y Television programme documenting a New York baseball team Yankeeography
38%
K A record or portrayal of the cornea Keratography
25%
O Unduly worried Overapprehensive
25%
N The use of X-rays to produce an image of the kidneys Nephrotomography
13%
No matching quizzes found
Score Distribution
Percent of People with Each Score
Percentile by Number Answered
Your Score History
You have not taken this quiz